[Event "GER-ch Youth U18 2020"]
[Site "Willingen"]
[Date "2020.10.21"]
[Round "3.4"]
[White "Schmider, Niklas"]
[Black "Woelk, Tom-Frederic"]
[Result "1-0"]
[WhiteElo "2291"]
[BlackElo "2253"]
[Annotator "TA"]
[PlyCount "60"]
[EventDate "2020.10.20"]
[EventType "swiss"]
[EventRounds "7"]
[EventCountry "GER"]
[SourceTitle "playchess.com"]
[Source "ChessBase"]
[SourceQuality "1"]

{[%evp 9,60,30,35,27,31,28,39,25,28,29,18,15,26,18,16,21,43,18,30,29,38,14,16,0,-2,-59,38,37,96,67,54,51,165,61,79,89,172,25,51,39,46,16,24,-38,-24,-22,20,14,48,39,47,50,0]} 1. e4 e5 2. Nf3 Nc6 3. Bb5 g6 4. c3 a6 5. Ba4 Bg7 6. d4 {C70: Ruy Lopez: 3...a6 4 Ba4, Norwegian and Delayed Schliemann.} exd4 7. cxd4 b5 8. Bb3 Nge7 9. d5 Na5 10. Bd2 c5 ({Much weaker is} 10... Bxb2 $6 11. Bxa5 Bxa1 12. Nc3 $16) 11. Bc3 Bxc3+ 12. Nxc3 d6 13. Qd2 {[#]} O-O $146 ({Predecessor:} 13... Bg4 14. Ng5 f6 15. Qf4 fxg5 16. Qxg4 b4 17. Ba4+ Kf8 18. Nd1 Ng8 19. Ne3 Nh6 {1-0 (39) Vymazal,B (2347)-Diermair,A (2479) Blansko 2019}) 14. h4 f6 15. h5 g5 16. Ne2 h6 17. Ng3 (17. O-O $11) 17... Kg7 (17... f5 $15) 18. O-O $14 b4 (18... Kg8 $14) 19. Nh2 Qb6 20. Bd1 Bd7 (20... Nc4 $14 21. Qc2 Ne5) 21. f4 ({White should try} 21. Rc1 $18) 21... c4+ 22. Kh1 Rac8 {[#]} (22... c3 $16 23. bxc3 Nc4) 23. Rc1 (23. Bg4 $1 $18 {[%cal Rg4d7]} c3 24. bxc3 bxc3 25. Qe1 Bxg4 26. Nxg4) 23... c3 $1 $11 {[%cal Rc3d2]} 24. bxc3 {Black must now prevent fxg5.} Nc4 25. Qe1 $1 {And now Bg4 would win.} Qe3 $1 {[%cal Re3c1]} 26. Bb3 (26. Bg4 $11 Qxe1 27. Rfxe1 Bxg4 28. Nxg4 gxf4 29. Ne2) 26... gxf4 $15 27. Ne2 Nd2 ({Not} 27... Qxe4 $2 28. Rxf4 Qxd5 29. cxb4 $18) (27... Ne5 $5 {[%cal Re5d3]} 28. Nxf4 Qxe1 29. Rcxe1 bxc3 $11) 28. Rxf4 {[#] Hoping for Ng4.} bxc3 29. Nf1 Nxf1 30. Rxf1 Qxe4 {[%mdl 32768] Av CentiPawn Loss W=-21/B=-20. Weighted=-30/-22. Loss on time!?} 1-0

[Event "GER-ch Youth U18 2020"]
[Site "Willingen"]
[Date "2020.10.21"]
[Round "3.5"]
[White "Gutkin, Ilya"]
[Black "Tschernatsch, Johannes"]
[Result "1/2-1/2"]
[WhiteElo "2203"]
[BlackElo "2251"]
[Annotator "TA"]
[PlyCount "61"]
[EventDate "2020.10.20"]
[EventType "swiss"]
[EventRounds "7"]
[EventCountry "GER"]
[SourceTitle "playchess.com"]
[Source "ChessBase"]
[SourceQuality "1"]

{[%evp 20,61,42,41,57,43,43,43,41,49,57,27,27,27,27,27,29,27,27,27,29,29,58,58,58,59,60,31,35,6,9,0,0,0,0,0,0,0,0,0,0,0,0,0]} 1. Nf3 Nf6 2. g3 g6 3. b3 Bg7 4. Bb2 b6 5. Bg2 Bb7 6. O-O O-O 7. c4 c5 8. d4 cxd4 9. Qxd4 Nc6 10. Qf4 d6 11. Nc3 {[#]} Ne5 $146 {A30: Symmetrical English: Double Fianchetto and Hedgehog.} ({Predecessor:} 11... a6 12. Rfd1 Nd7 13. Qd2 Na5 14. Rac1 Rb8 15. Nd5 Bxb2 16. Qxb2 b5 17. Qd2 bxc4 18. bxc4 Nc6 19. Qh6 f6 20. Nf4 Qe8 21. Ne6 Rf7 22. Rb1 Nd8 23. Nc7 Qf8 24. Qe3 Nc5 25. Nd5 e6 {½-½ (25) Nguyen,V (2419)-Cao,S (2557) Ho Chi Minh City 2010}) 12. Rad1 Nxf3+ 13. Bxf3 Bxf3 {White is slightly better.} 14. Qxf3 Qd7 15. Nd5 Nxd5 16. Bxg7 Kxg7 17. Rxd5 Qe6 18. Rfd1 Rac8 19. e4 Rc7 20. Qe3 Rfc8 21. e5 dxe5 22. Rxe5 Qf6 23. a4 e6 24. a5 Rc5 {The position is equal.} 25. f4 Rxa5 26. Rxa5 bxa5 27. Qxa7 $11 {KQR-KQR} Qc3 28. Qd4+ Qxd4+ 29. Rxd4 Rb8 30. Rd3 Kf6 31. Kf2 {Av CentiPawn Loss W=-5/B=-3. Weighted=-6/-4} 1/2-1/2

[Event "GER-ch Youth U18 2020"]
[Site "Willingen"]
[Date "2020.10.21"]
[Round "3.6"]
[White "Huber, Benedikt"]
[Black "Färber, David"]
[Result "0-1"]
[WhiteElo "2191"]
[BlackElo "2321"]
[Annotator "TA"]
[PlyCount "64"]
[EventDate "2020.10.20"]
[EventType "swiss"]
[EventRounds "7"]
[EventCountry "GER"]
[SourceTitle "playchess.com"]
[Source "ChessBase"]
[SourceQuality "1"]

{[%evp 9,64,-21,-10,-23,-12,-13,-14,-19,-16,-16,-12,-30,-27,-40,-43,-38,-30,-41,-36,-92,-93,-109,-111,-145,-141,-161,-113,-177,-196,-207,-180,-179,-118,-251,-241,-358,-361,-362,-350,-432,-431,-424,-412,-415,-406,-437,-432,-418,-384,-564,-558,-554,-546,-575,-528,-693,-399]} 1. d4 Nf6 2. c4 c5 3. d5 b5 4. Nf3 g6 5. e4 Nxe4 6. Bd3 {A57: Benko/Volga Gambit.} Nf6 7. cxb5 d6 8. O-O {The position is equal.} Bg7 9. Nc3 O-O {[#]} 10. a4 $146 ({Predecessor:} 10. Re1 Nbd7 11. a4 Bb7 12. Bc4 Re8 13. a5 Ng4 14. Bf4 Nge5 15. Nxe5 Nxe5 16. Bxe5 Bxe5 {½-½ (47) Husek,Z (2178)-Janko,M (2146) Slovakia 2005}) 10... a6 11. Re1 axb5 12. Bxb5 Ba6 13. Ra3 Bxb5 14. Nxb5 (14. axb5 $15 Rxa3 15. bxa3) 14... Na6 $17 {[%cal Bb8a6,Ba6b4,Bb4d3][%mdl 32]} 15. Rae3 {[#]} Re8 $1 16. R3e2 Nb4 17. Nc3 Qd7 18. Ng5 (18. Bg5 $17) 18... c4 $19 19. Qd4 Nd3 20. Rd1 Qg4 ({Black should play} 20... Qc8 $19 21. Qe3 h6) 21. Qxg4 {This move loses the game for White.} (21. Nf3 $17) 21... Nxg4 22. Nb5 (22. Nh3 {keeps fighting.}) 22... Rxa4 23. h3 Nge5 24. f4 Nxc1 {[%mdl 64] [#] Overworked Piece} 25. Rxc1 Nd3 $1 {[%csl LRb2,LRc1,LRf4][%mdl 64] Double Attack} 26. Rf1 {intending Nxd6!} h6 27. Ne4 Rb8 28. Nec3 Rb4 29. Rxe7 (29. Na3 $142) 29... R4xb5 {Black is clearly winning.} 30. Nxb5 Rxb5 {[%mdl 64] Double Attack} 31. f5 gxf5 32. Rxf5 Ne5 {Av CentiPawn Loss W=-36/B=-22. Weighted=-39/-26} 0-1

[Event "GER-ch Youth U18 2020"]
[Site "Willingen"]
[Date "2020.10.21"]
[Round "3.7"]
[White "Knüdel, Torben"]
[Black "Vogt, Dustin"]
[Result "1-0"]
[WhiteElo "2211"]
[BlackElo "1829"]
[Annotator "TA"]
[PlyCount "57"]
[EventDate "2020.10.20"]
[EventType "swiss"]
[EventRounds "7"]
[EventCountry "GER"]
[SourceTitle "playchess.com"]
[Source "ChessBase"]
[SourceQuality "1"]

{[%evp 23,57,10,10,0,0,0,0,0,0,0,20,0,11,0,46,0,0,-167,103,103,101,0,649,607,702,693,839,789,593,295,312,311,29994,29995,29998,29999]} 1. e4 c5 2. Nf3 Nc6 3. Nc3 g6 4. d4 cxd4 5. Nxd4 Bg7 6. Be3 Nf6 7. Bc4 O-O 8. Bb3 d6 9. f3 Bd7 10. Qd2 Nxd4 11. Bxd4 b5 12. Nd5 Nxd5 13. Bxg7 {B77: Sicilian Dragon: Yugoslav Attack, 9 Bc4 sidelines.} Kxg7 14. exd5 a5 15. a3 {The position is equal.} Qb6 16. O-O-O Rfc8 17. g4 Ra7 18. h4 {[#]} h6 $146 {Black wants to play ...Rac7.} (18... a4 $5 19. Ba2 $8 Rac7 $11) ({Predecessor:} 18... f6 19. Rde1 Be8 20. h5 Rac7 21. Kb1 a4 22. Ba2 Rxc2 23. Rxe7+ Kf8 24. Rxe8+ Kxe8 {0-1 (44) Ramaswamy,A (2249)-Rajlich,I (2375) Athens 2001}) 19. h5 {[#] Threatens to win with hxg6.} g5 20. f4 $2 (20. Rhe1 $11) 20... f6 $2 (20... a4 $19 21. Ba2 Bxg4 22. Qd4+ Qxd4 23. Rxd4 Bf3) 21. fxg5 $16 {Rde1 is the strong threat.} hxg5 {[#]} 22. Qd3 (22. Qe2 $1 $16 Be8 23. Qe4) 22... Be8 $2 {[%mdl 8192]} (22... a4 $11) 23. c3 $18 e5 24. dxe6 {[%mdl 64] Discovered Attack} b4 {And now ...bxc3 would win.} 25. h6+ Kh8 26. Qf5 (26. Rhf1 $142) 26... Qe3+ 27. Kb1 bxc3 $2 (27... Qf4 $18 28. Qxf4 gxf4 29. cxb4 (29. Rxd6 bxc3 30. Bc2 cxb2 $18) (29. axb4 axb4 30. c4 Bg6+ 31. Bc2 Bxc2+ 32. Kxc2 Rxc4+ 33. Kb3 Rc6 $16) 29... axb4 30. Rxd6 bxa3) 28. Qxf6+ Kg8 29. e7+ {Av CentiPawn Loss W=-41/B=-131. Weighted=-39/-277} 1-0

[Event "GER-ch Youth U18 2020"]
[Site "Willingen"]
[Date "2020.10.21"]
[Round "3.8"]
[White "Besancon, Pascal"]
[Black "Richter, Philipp"]
[Result "0-1"]
[WhiteElo "1915"]
[BlackElo "2254"]
[Annotator "TA"]
[PlyCount "68"]
[EventDate "2020.10.20"]
[EventType "swiss"]
[EventRounds "7"]
[EventCountry "GER"]
[SourceTitle "playchess.com"]
[Source "ChessBase"]
[SourceQuality "1"]

{[%evp 9,68,-3,18,-4,-2,-12,7,0,2,8,0,0,4,9,8,0,18,-3,-9,-13,-14,-48,-39,-57,-41,-35,-45,-48,-51,-26,0,0,-18,-131,-124,-125,-110,-125,-116,-118,0,0,0,0,15,8,10,-45,-28,-46,-20,-22,0,-10,0,0,0,-183,-79,-29998,-29999]} 1. e4 e6 2. d4 d5 3. exd5 exd5 4. Bf4 Nc6 5. c3 Nge7 6. Nf3 {C01: French: Exchange Variation.} Ng6 7. Bg3 Bd6 {[#]} 8. Nbd2 $146 {The position is equal.} ({Predecessor:} 8. Bd3 O-O 9. O-O Nf4 10. Re1 Bg4 11. Bf1 Qf6 12. Nbd2 Ne7 13. Qb3 Neg6 14. c4 Bxf3 15. Nxf3 dxc4 16. Bxc4 {1-0 (44) Varga,Z (2488)-Galyas,M (2456) Budapest 2009}) 8... O-O 9. Be2 Nf4 10. O-O Bf5 11. Nh4 Be6 12. Re1 Qf6 13. Bb5 Ne7 14. Nf1 g5 15. Nf3 Neg6 16. Ne3 Kg7 17. c4 c6 18. cxd5 cxd5 19. Bd3 h5 20. Bxg6 fxg6 21. Nf1 {[#]} (21. Qb3 $11) 21... Bg4 $1 $17 {And now ...Nxg2! would win.} 22. N1d2 h4 23. Bxf4 Qxf4 24. h3 {[#]} Bd7 (24... Bxf3 $1 $17 25. Nxf3 g4 26. hxg4 h3) 25. Qb3 $11 g4 26. hxg4 Bc6 27. Re6 Rad8 28. Rae1 (28. Qe3 $11) 28... Qxg4 $40 {[%mdl 128] ...h3 is the strong threat. Black attacks.} 29. Qe3 {Threatens to win with Rxd6!} h3 {[%csl Gh3][%cal Rg4g2]} 30. Qg5 {Rxg6+ would kill now.} h2+ 31. Kh1 {White wants to mate with Rxg6+.} Qxg5 32. Nxg5 Rxf2 33. R1e2 $2 (33. Ndf3 $11 {and White stays safe.}) 33... Rdf8 (33... Rxe2 $19 34. Rxe2 Rc8 35. Ne6+ Kh8) 34. Ndf3 $2 {[%mdl 8192]} (34. Rxf2 $17 Rxf2 35. Rxd6 Rxd2 {[%mdl 64] Double Attack} 36. Nf3 Rxb2 37. Ne5) 34... Rf1+ {Av CentiPawn Loss W=-53/B=-12. Weighted=-56/-14} 0-1

[Event "GER-ch Youth U18 2020"]
[Site "Willingen"]
[Date "2020.10.21"]
[Round "3.9"]
[White "Stelmaszyk, Nico"]
[Black "Lange, Jannis"]
[Result "1-0"]
[WhiteElo "2301"]
[BlackElo "2126"]
[Annotator "TA"]
[PlyCount "75"]
[EventDate "2020.10.20"]
[EventType "swiss"]
[EventRounds "7"]
[EventCountry "GER"]
[SourceTitle "playchess.com"]
[Source "ChessBase"]
[SourceQuality "1"]

{[%evp 14,75,11,0,0,0,0,0,40,38,55,40,24,31,44,38,62,47,76,68,83,86,78,84,108,97,122,131,136,132,160,131,169,174,169,180,170,172,165,115,133,60,66,25,76,0,62,70,95,93,203,187,252,270,263,248,775,771,839,790,1350,1263,1475,1464]} 1. e4 c5 2. Nf3 Nc6 3. Nc3 e5 4. Bc4 Be7 5. d3 d6 6. O-O Nf6 7. Ng5 O-O 8. f4 Bg4 {B30: Sicilian: 2...Nc6 3 Bb5, lines without ...g6.} 9. Qe1 exf4 10. Bxf4 Bh5 {The position is equal.} 11. Qd2 Nd7 12. Nf3 Bxf3 13. gxf3 Nde5 14. Bb3 {[#]} Bf6 $146 ({Predecessor:} 14... Nd4 15. Qg2 b5 16. Nd5 Kh8 17. Kh1 Ng6 18. Be3 Nxb3 19. axb3 f5 20. Rg1 Rf7 21. Qh3 Ne5 22. exf5 {1-0 (29) Lis,M (2116)-Swiech,P (2219) Ustron 2011}) 15. Nd5 Ng6 16. c3 Nxf4 17. Qxf4 ({But not} 17. Nxf4 $6 Bg5 $11) 17... Bg5 18. Qg3 Bh4 19. Qh3 Kh8 20. Kh1 a5 21. a4 g5 22. Qf5 {[#] And now Nf6 would win.} Ne5 23. d4 cxd4 24. cxd4 Ng6 25. Rac1 $40 {[%mdl 128] Black is in trouble.} Rc8 26. Rcd1 Rc6 {[#]} 27. Rg1 (27. Nf6 $1 $16) 27... f6 $14 28. Qh3 Qc8 (28... f5 $11) 29. Qf1 ({White should play} 29. Qg2 $16) 29... Qd7 ({Better is} 29... f5 $11 30. Qd3 fxe4 31. fxe4 Rf2) 30. Bc4 Qc8 31. Bd3 Kg7 (31... Nf4 $16) 32. f4 $18 {f5 is the strong threat.} Qd8 (32... Kh8 $142 33. f5 Nf4) 33. f5 Ne7 34. Nf4 Qb6 $2 (34... d5 35. exd5 Nxd5) 35. Ne6+ {White is clearly winning.} Kf7 36. Qe2 Ke8 37. Bb5 Rf7 38. d5 {[%mdl 64] Pin. Av CentiPawn Loss W=-14/B=-63. Weighted=-17/-56} 1-0

[Event "GER-ch Youth U18 2020"]
[Site "Willingen"]
[Date "2020.10.21"]
[Round "3.10"]
[White "Lesny, Florian"]
[Black "Pahl, Theis"]
[Result "0-1"]
[WhiteElo "2178"]
[BlackElo "2056"]
[Annotator "TA"]
[PlyCount "38"]
[EventDate "2020.10.20"]
[EventType "swiss"]
[EventRounds "7"]
[EventCountry "GER"]
[SourceTitle "playchess.com"]
[Source "ChessBase"]
[SourceQuality "1"]

{[%evp 14,38,65,42,58,23,26,3,25,-18,-18,-55,-66,-53,-14,-62,-55,-130,-135,-344,-353,-533,-537,-520,-300,-294,-290]} 1. e4 c5 2. Nf3 d6 3. d4 cxd4 4. Nxd4 Nf6 5. Nc3 Nc6 6. Bg5 Qb6 7. Nb3 e6 8. Bf4 Ne5 {B60: Sicilian: Richter-Rauzer: Unusual Black 6th moves and 6...Bd7 without 7 Qd2.} 9. Qd2 a6 10. O-O-O Be7 {The position is equal.} 11. h3 {[#]} Qc7 $146 ({Predecessor:} 11... O-O 12. Be3 Qc7 13. f4 Nc4 14. Bxc4 Qxc4 15. Qd3 Qc7 16. g4 b5 17. g5 Nd7 {0-1 (40) Rako,I (2151)-Cigan,S (2386) Hungary 2008}) 12. Kb1 b5 13. a3 Bb7 14. Qe1 O-O 15. g4 (15. h4 $15) 15... Rfc8 $17 16. g5 $2 {[#] White does not recover from this.} (16. Bd3 $17 {was worth a try.}) 16... Nxe4 $1 $19 {[%mdl 576] Discovered Attack, Decoy} 17. Nxe4 (17. Bxe5 $142 dxe5 18. Nxe4 Qxc2+ {[%mdl 64] Double Attack} 19. Ka2 Bxe4 20. Rc1 Qxc1 21. Nxc1 Bxh1 22. Qe3) 17... Qxc2+ {[%mdl 64] Double Attack} 18. Ka2 Qxe4 19. Qxe4 Bxe4 {Av CentiPawn Loss W=-55/B=-25. Weighted=-83/-16} 0-1

[Event "GER-ch Youth U18 2020"]
[Site "Willingen"]
[Date "2020.10.21"]
[Round "3.11"]
[White "Bosselmann, Tom Linus"]
[Black "Wong, Gengchun"]
[Result "0-1"]
[WhiteElo "2054"]
[BlackElo "2120"]
[Annotator "TA"]
[PlyCount "74"]
[EventDate "2020.10.20"]
[EventType "swiss"]
[EventRounds "7"]
[EventCountry "GER"]
[SourceTitle "playchess.com"]
[Source "ChessBase"]
[SourceQuality "1"]

{[%evp 15,74,62,70,66,165,175,161,18,33,8,21,6,41,11,10,0,79,78,93,40,67,0,64,75,64,66,89,52,50,40,47,-26,19,-116,-68,-283,-275,-440,-431,-432,-425,-427,-426,-424,-427,-423,-416,-452,-445,-438,-433,-434,-424,-398,-369,-370,-360,-566,-566,-555,-545]} 1. e4 c5 2. Nf3 d6 3. d4 cxd4 4. Nxd4 Nf6 5. Nc3 a6 6. Be3 e6 7. g4 h5 8. g5 Ng4 9. Bc1 {B81: Sicilian Scheveningen: Keres Attack.} Nc6 (9... Qb6 $14) 10. Nxc6 $18 bxc6 {[#]} 11. h3 $146 (11. f4 $1 $18) ({Predecessor:} 11. f4 Qb6 12. Qd2 d5 13. h3 Nf6 14. gxf6 gxf6 15. Na4 Qc7 16. c4 dxe4 17. c5 {1-0 (25) Muzychuk,A (2469)-Paehtz,E (2452) Heraklion 2007}) 11... Ne5 $11 12. f4 Ng6 13. Bd3 Be7 14. Qe2 Qb6 15. Rb1 Nf8 (15... d5 $11) 16. Be3 $16 Qc7 17. Rf1 (17. O-O $16) 17... Nd7 18. f5 (18. h4 $14) 18... exf5 (18... Ne5 $11) 19. exf5 $14 Ne5 20. Bf4 Bb7 21. Ne4 Nxd3+ 22. Qxd3 {[%cal Re4d6]} O-O-O 23. Kf2 ({Better is} 23. Kd1 $14) 23... Rhe8 24. Kg1 (24. b4 $11 {remains equal.}) 24... Qb6+ 25. Be3 $2 {Now White is beyond hope.} (25. Nf2 $15) 25... c5 $19 {White must now prevent ...Bxe4.} 26. Nd2 {[#]} (26. f6 {only move.} Bxf6 27. Nxf6 gxf6 28. Kh2) 26... Bxg5 $1 {[%mdl 512]} 27. Rbe1 (27. Bxg5 c4+) 27... Bxe3+ ({Not} 27... Qc6 28. Nf3 $19) 28. Rxe3 Rxe3 ({Less strong is} 28... Qc6 29. Ref3 $19) 29. Qxe3 Qxb2 30. Rb1 Qf6 31. Rf1 Bc6 32. Nc4 Bb5 33. Nb6+ Kb7 34. Nd5 Qe5 35. Qxe5 dxe5 36. Rb1 (36. Rd1 {was forced.}) 36... Rxd5 37. c4 Rd2 {Av CentiPawn Loss W=-41/B=-19. Weighted=-49/-26} 0-1

[Event "GER-ch Youth U18 2020"]
[Site "Willingen"]
[Date "2020.10.21"]
[Round "3.12"]
[White "Matthes, Aaron"]
[Black "Papadopoulos, Ioannis"]
[Result "0-1"]
[WhiteElo "2198"]
[BlackElo "2186"]
[Annotator "TA"]
[PlyCount "76"]
[EventDate "2020.10.20"]
[EventType "swiss"]
[EventRounds "7"]
[EventCountry "GER"]
[SourceTitle "playchess.com"]
[Source "ChessBase"]
[SourceQuality "1"]

{[%evp 11,76,2,12,-4,9,22,43,42,50,2,16,13,30,28,36,-30,-40,-96,-106,-87,-64,-73,-55,-58,-73,-69,-61,-213,-223,-240,-261,-247,-153,-164,-166,-164,-156,-247,-209,-209,-209,-212,-204,-256,-247,-287,-181,-195,-191,-188,-182,-290,-193,-623,-584,-559,-370,-29996,-493,-941,-971,-973,-926,-1142,-1152,-1532,-1517]} 1. d4 Nf6 2. c4 e6 3. Nc3 Bb4 4. Qc2 O-O 5. Nf3 d5 6. cxd5 exd5 7. Bg5 {E32: Nimzo-Indian: Classical (4 Qc2): 4...0-0.} c6 8. e3 Nbd7 9. Bd3 {White is slightly better.} h6 10. Bf4 Re8 11. O-O Nf8 12. a3 Bd6 {[#]} 13. Ne5 $146 ({White should play} 13. Be5 $14) ({Predecessor:} 13. Bxd6 Qxd6 14. b4 Ne6 15. Na4 b6 16. Rfc1 Bb7 17. Nc3 Rac8 18. a4 c5 19. Nb5 Qb8 20. dxc5 bxc5 21. bxc5 Rxc5 {1-0 (38) Schwab,M (2082)-Suess,S (1966) Forchheim 2014}) 13... Nh5 $1 $11 14. Be2 (14. Rae1 $15) 14... Nxf4 $17 15. exf4 Qf6 16. g3 Bh3 17. Rfe1 Ne6 18. Qd2 g5 {[%cal Rg5f4]} 19. fxg5 $2 {This costs White the game.} (19. Bg4 $15 Bxg4 20. Nxg4) 19... hxg5 $19 20. Bg4 {[#]} Nxd4 $1 {[%mdl 512]} 21. Qxd4 {And now Qd3 would win.} Rxe5 22. Rxe5 Bxe5 23. Qd1 Qh6 $40 {[%mdl 128] Black is out for blood.} 24. Bh5 (24. Qf3 $17) 24... Be6 25. Qe2 Qf6 26. Rc1 Kg7 27. Na4 Rh8 28. Bg4 Bd6 ({Much less strong is} 28... Bxg4 29. Qxg4 Qg6 30. Re1 $17) 29. Nc5 Bxc5 30. Rxc5 Re8 {...Qd4 is the strong threat.} 31. Ra5 (31. b4 {is a better defense.}) 31... Qd4 32. Bh5 $2 (32. Bxe6 Rxe6 33. Qc2) 32... Bd7 33. Qf3 Re7 {( -> ...Bh3)} 34. b3 $2 {[#]} (34. Kg2 $19) 34... Qe5 (34... Bh3 $142 35. Qf6+ Kxf6 36. Be2 Rxe2 37. Kh1 Re1#) 35. Bg4 (35. Kg2 $142 b6 36. Rxa7) 35... Qe1+ {[%mdl 64] Double Attack} 36. Kg2 Qxa5 37. Bxd7 Rxd7 38. Qf5 Qd8 {Av CentiPawn Loss W=-83/B=-53. Weighted=-149/-74} 0-1

[Event "GER-ch Youth U18 2020"]
[Site "Willingen"]
[Date "2020.10.21"]
[Round "3.13"]
[White "Burian, Simon"]
[Black "Wensing, Maximilian"]
[Result "1-0"]
[WhiteElo "2113"]
[BlackElo "2039"]
[Annotator "TA"]
[PlyCount "57"]
[EventDate "2020.10.20"]
[EventType "swiss"]
[EventRounds "7"]
[EventCountry "GER"]
[SourceTitle "playchess.com"]
[Source "ChessBase"]
[SourceQuality "1"]

{[%evp 20,57,4,0,9,0,0,0,0,0,4,31,14,34,102,108,114,50,159,172,165,147,245,229,340,370,691,691,691,686,729,729,990,991,988,948,920,782,981,587]} 1. e4 c5 2. Nf3 d6 3. d4 cxd4 4. Nxd4 Nf6 5. Nc3 a6 6. Bg5 e6 7. f4 Be7 8. Qf3 h6 9. Bh4 Nbd7 10. O-O-O Qc7 11. g4 g5 {B99: Sicilian Najdorf: 6 Bg5 e6 7 f4 Be7 8 Qf3 Qc7 9 0-0-0 Nbd7.} 12. e5 dxe5 13. fxg5 hxg5 {The position is equal.} ({But not} 13... exd4 14. gxf6 Ne5 15. Qe4 $16) 14. Bg3 Qb6 15. Nb3 Qc6 16. Qe2 Qxh1 (16... Nd5 $1 $14) 17. Bg2 $16 {[#]} Qxd1+ $1 18. Nxd1 (18. Qxd1 $16 Ra7 19. Qe2) (18. Kxd1 Kf8) 18... Nd5 ({Black should try} 18... a5 $14) 19. Bxd5 $1 exd5 20. Ne3 ({Don't play} 20. Bxe5 $6 Rh6 $14) 20... f6 (20... Bd8 $16) 21. Nxd5 $18 {[#] And now Nc7+ would win.} Rb8 $146 {[#]} (21... Kf7 $142 22. Nd4 Bc5) ({Predecessor:} 21... Bd8 22. Nd4 Kf7 23. Nf5 Nb6 24. Nd6+ Ke6 25. Nxb6 Bxb6 26. Nc4 Bc7 27. Ne3 b5 {1-0 (34) Guseinov,G (2586)-Idrisov,T (2127) Baku 2007}) 22. Nd4 $1 {[%mdl 576] Pin} Bc5 $2 {[#]} (22... Kf7 23. Nxe7 Kxe7 24. Nf5+ Ke8 25. Nd6+ Ke7) (22... exd4 23. Qxe7#) 23. Nxf6+ $1 {[%mdl 576] Remove Defender, Deflection, Decoy. White is clearly winning.} Nxf6 24. Qxe5+ {[%mdl 64] Double Attack} Kf7 25. Qxc5 Bxg4 26. Bxb8 Rxb8 27. Qc7+ Nd7 {[#]} 28. Nf3 $1 {[%mdl 512]} Kf6 (28... Bxf3 29. Qxd7+) 29. Ne5 {Av CentiPawn Loss W=-33/B=-68. Weighted=-15/-106} 1-0

[Event "GER-ch Youth U18 2020"]
[Site "Willingen"]
[Date "2020.10.22"]
[Round "4.1"]
[White "Stork, Oliver"]
[Black "Suvorov, Alexander"]
[Result "1/2-1/2"]
[WhiteElo "2371"]
[BlackElo "2313"]
[Annotator "TA"]
[PlyCount "83"]
[EventDate "2020.10.20"]
[EventType "swiss"]
[EventRounds "7"]
[EventCountry "GER"]
[SourceTitle "playchess.com"]
[Source "ChessBase"]
[SourceQuality "1"]

{[%evp 24,83,40,42,43,38,46,47,40,39,44,45,60,43,54,52,71,66,69,75,106,107,108,58,75,67,70,66,60,63,57,57,88,49,72,24,24,25,48,13,14,13,13,13,13,13,13,13,13,13,17,13,13,8,11,0,0,0,0,0,8,8]} 1. e4 c5 2. Nf3 e6 3. d4 cxd4 4. Nxd4 Nc6 5. Nc3 Qc7 6. g3 a6 7. Bg2 Nf6 8. O-O Nxd4 9. Qxd4 Bc5 10. Bf4 d6 11. Qd2 h6 12. Rad1 e5 13. Be3 Bb4 {B47: Sicilian: Taimanov: 5 Nc3 Qc7 6 f4, 6 g3 and 6 Be2.} 14. Nb5 axb5 15. Qxb4 Rxa2 {White is slightly better.} 16. Rxd6 O-O 17. Rd2 {[#]} Qc4 $146 ({Predecessor:} 17... Bd7 18. Rfd1 Bc6 19. f3 Rfa8 20. Bf1 Qa5 21. Qxa5 R8xa5 22. c3 Ra1 23. h4 Rxd1 24. Rxd1 {1-0 (45) Maghsoodloo,P (2676)-Perunovic,M (2585) chess.com INT 2020}) 18. Bc5 Re8 19. c3 Qxb4 20. Bxb4 Bd7 21. f3 Raa8 22. Rfd1 Bc6 23. Kf2 g5 24. Ke3 h5 25. Bh3 g4 26. Bg2 Re6 27. h3 Rae8 28. Rh1 Kg7 29. hxg4 hxg4 30. Rh4 Rh8 31. Rxh8 (31. Rd1 {is more complex.} Ree8 32. Bd6 Re6 33. Ba3 Ree8 34. Rg1) 31... Kxh8 {The position is equal.} 32. Rd6 gxf3 33. Bxf3 {[#] aiming for Rxe6.} Rxd6 34. Bxd6 $11 {[%mdl 4096] Endgame KBB-KBN} Nd7 35. Bg4 f6 36. Bf5 Kg7 37. Kf3 Nf8 38. Kg4 Nh7 39. Bxh7 Kxh7 40. Kf5 Kg7 {[%cal Rc6d7] [#]} 41. Ke6 Bxe4 42. Be7 {Av CentiPawn Loss W=-7/B=-6. Weighted=-8/-7} 1/2-1/2